Introduction to computational molecular biology / (Record no. 26130)
[ view plain ]
| 000 -LEADER | |
|---|---|
| fixed length control field | 00880cam a22002655a 4500 |
| 001 - CONTROL NUMBER | |
| control field | 4000132 |
| 005 - DATE AND TIME OF LATEST TRANSACTION | |
| control field | 20240818093031.0 |
| 008 - FIXED-LENGTH DATA ELEMENTS--GENERAL INFORMATION | |
| fixed length control field | 960918s1997 maua frb 001 0 eng d |
| 020 ## - INTERNATIONAL STANDARD BOOK NUMBER | |
| International Standard Book Number | 0534952623 |
| 020 ## - INTERNATIONAL STANDARD BOOK NUMBER | |
| International Standard Book Number | 9780534952624 |
| 040 ## - CATALOGING SOURCE | |
| Original cataloging agency | DLC |
| Transcribing agency | DLC |
| Modifying agency | DLC |
| -- | EG-ScBUE |
| Language of cataloging | eng |
| 082 04 - DEWEY DECIMAL CLASSIFICATION NUMBER | |
| Edition number | 22 |
| Classification number | 574.880151 |
| Item number | SET |
| 100 1# - MAIN ENTRY--PERSONAL NAME | |
| Personal name | Setubal, João Carlos. |
| 245 10 - TITLE STATEMENT | |
| Title | Introduction to computational molecular biology / |
| Statement of responsibility, etc | João Carlosl Setubal, João Meidanis. |
| 260 ## - | |
| -- | Boston : |
| -- | PWS Publishing Company, |
| -- | 1997. |
| 300 ## - PHYSICAL DESCRIPTION | |
| Extent | xiii, 296 p. : |
| Other physical details | ill. ; |
| Dimensions | 25 cm. |
| 336 ## - CONTENT TYPE | |
| Source | rdacontent |
| Content type term | text |
| Content type code | txt |
| 337 ## - MEDIA TYPE | |
| Media type term | unmediated |
| Source | rdamedia |
| Media type code | n |
| 338 ## - CARRIER TYPE | |
| Carrier type term | volume |
| Carrier type code | nc |
| Source | rdacarrier |
| 504 ## - BIBLIOGRAPHY, ETC. NOTE | |
| Bibliography, etc | Includes bibliographical references and index. |
| 650 #7 - SUBJECT ADDED ENTRY--TOPICAL TERM | |
| Topical term or geographic name as entry element | Molecular biology |
| General subdivision | Mathematics. |
| Source of heading or term | BUEsh |
| 653 ## - INDEX TERM--UNCONTROLLED | |
| Resource For college | Generalities |
| Arrived date list | February2018 |
| 700 1# - ADDED ENTRY--PERSONAL NAME | |
| Personal name | Meidanis, João. |
| 942 ## - ADDED ENTRY ELEMENTS (KOHA) | |
| Classification part | RDA-MOD |
| Withdrawn status | Lost status | Source of classification or shelving scheme | Damaged status | Not for loan | Home library | Current library | Shelving location | Date acquired | Total Checkouts | Total Renewals | Full call number | Barcode | Checked out | Date last seen | Date checked out | Price effective from | Koha item type |
|---|---|---|---|---|---|---|---|---|---|---|---|---|---|---|---|---|---|
| Dewey Decimal Classification | Central Library | Central Library | First floor | 07/02/2018 | 2 | 11 | 574.880151 SET | 000047269 | 23/05/2026 | 24/03/2026 | 24/03/2026 | 07/02/2018 | Book - Borrowing |